Movies Quiz

Random Movies or Clickable Quiz

50 Flicks to Click (1972) Quiz Stats

 Plays Quiz Updated Dec 6, 2017

Score 0/50 Timer 07:00
8 Plays Today
% Correct
Doc
91.7%
Paris
91.1%
Adventures
90.5%
Pink
90.5%
Antony
90.1%
Sam
90.1%
Call
89.3%
Everything
88.9%
Crypt
88.2%
Mancha
87.3%
Sings
86.2%
House
85.1%
Red
82.7%
Canterbury
82.5%
Kid
80.4%
Magnificent
80.2%
Poseidon
78.9%
Throat
78.1%
Slaughterhouse
76.7%
Harder
74.5%
Fritz
74.2%
Conquest
73.1%
Butterflies
70.4%
Aunt
68.4%
Love
67.8%
% Correct
Kansas
67%
Bean
66.1%
Jeremiah
63.3%
Super
60.6%
Snoopy
59.9%
Portnoy's
59.3%
Silent
55.4%
Joe
54.7%
Dragon
54.2%
Ruling
52.4%
Bourgeoisie
51%
Bertha
49.8%
King
47.9%
Snowball
47.2%
Thing
45.5%
Marigolds
42.7%
Young
42.1%
Hot
40.4%
Milk
39.2%
Doberman
37.4%
Aguirre
34.8%
Dracula
34.2%
Junior
33.7%
Roma
30.6%
City
30.6%

You're not logged in!

Compare scores with friends on all Sporcle quizzes.
OR
Log In

You Might Also Like...

Show Comments

Extras

Top Quizzes Today


Score Distribution

Your Account Isn't Verified!

In order to create a playlist on Sporcle, you need to verify the email address you used during registration. Go to your Sporcle Settings to finish the process.

Report this User

Report this user for behavior that violates our Community Guidelines.

Details: